Operating system concepts : windows xp update (Record no. 196747)

MARC details
000 -LEADER
fixed length control field 00559nam a2200205Ia 4500
003 - CONTROL NUMBER IDENTIFIER
control field OSt
005 - DATE AND TIME OF LATEST TRANSACTION
control field 20250124094309.0
008 - FIXED-LENGTH DATA ELEMENTS--GENERAL INFORMATION
fixed length control field 231217s9999 xx 000 0 und d
020 ## - INTERNATIONAL STANDARD BOOK NUMBER
International Standard Book Number 981253055x
040 ## - CATALOGING SOURCE
Transcribing agency 0
041 ## - LANGUAGE CODE
Language code of text/sound track or separate title English
082 ## - DEWEY DECIMAL CLASSIFICATION NUMBER
Classification number 001.642 SIL;81
100 ## - MAIN ENTRY--PERSONAL NAME
Personal name Silberschatz, Abraham. Galvin, Peter Baer. Gagne, Greg.
245 #0 - TITLE STATEMENT
Title Operating system concepts : windows xp update
250 ## - EDITION STATEMENT
Edition statement 6th ed.
260 ## - PUBLICATION, DISTRIBUTION, ETC.
Date of publication, distribution, etc. 2004
Name of publisher, distributor, etc. John wiley and sons
Place of publication, distribution, etc. New York
300 ## - PHYSICAL DESCRIPTION
Extent xxi, 951
650 ## - SUBJECT ADDED ENTRY--TOPICAL TERM
Topical term or geographic name entry element Operating,windows,xp,update
942 ## - ADDED ENTRY ELEMENTS (KOHA)
Koha item type Books
Source of classification or shelving scheme Dewey Decimal Classification
Holdings
Date last seen Total checkouts Full call number Accession number Price effective from Category Public note Lost status Damaged status Department Withdrawn status Home library Current library Shelving location Entry date Grants Currency symbol Conversion rate Discount Old discount
26/01/2024   001.642 SIL;81 89543 26/01/2024 Books Donated by MCA Dpet.     MCA   Central Library Central Library MCA 12/12/2014 DONATED RS 1    

© For any Suggestions or Query, please contact the library staff @ librarian@pes.edu or Phone: +9180 2672 1983/ 2108.